Особенности противодействия распространению новых синтетических наркотических средств и психоактивных веществ (Запись № 11992634)
[ простой вид ]
| 000 -МАРКЕР | |
|---|---|
| контрольное поле | 02121nam0a2200313 i 4500 |
| 001 - ИДЕНТИФИКАТОР ЗАПИСИ | |
| контрольное поле | RU\NLR\BIBL_A\011215129 |
| 005 - ИДЕНТИФИКАТОР ВЕРСИИ | |
| контрольное поле | 20241103080920.0 |
| 010 ## - МЕЖДУНАРОДНЫЙ СТАНДАРТНЫЙ НОМЕР КНИГИ (ISBN) | |
| Номер (ISBN) | 9785955207230 |
| Тираж | 250 |
| 021 ## - НОМЕР ГОСУДАРСТВЕННОЙ РЕГИСТРАЦИИ | |
| Код страны | Российская Федерация |
| Номер | 2016-66925 |
| Номер Листа государственной регистраци | 4288 |
| 035 ## - ДРУГИЕ СИСТЕМНЫЕ НОМЕРА | |
| Идентификатор записи | (NLR Aleph) 011215129 |
| 100 ## - ДАННЫЕ ОБЩЕЙ ОБРАБОТКИ | |
| Данные общей обработки | 20160919d2016 u y0rusy50 ca |
| 101 0# - ЯЗЫК РЕСУРСА | |
| Язык текста, звукозаписи и т.д. | русский |
| 102 ## - СТРАНА ПУБЛИКАЦИИ ИЛИ ПРОИЗВОДСТВА | |
| Страна публикации | Российская Федерация |
| 105 ## - ПОЛЕ КОДИРОВАННЫХ ДАННЫХ: ТЕКСТОВЫЕ МАТЕРИАЛЫ, МОНОГРАФИЧЕСКИЕ | |
| Кодированные данные о монографическом текстовом документе | a z 001yy |
| 200 1# - ЗАГЛАВИЕ И СВЕДЕНИЯ ОБ ОТВЕТСТВЕННОСТИ | |
| Основное заглавие | Особенности противодействия распространению новых синтетических наркотических средств и психоактивных веществ |
| Сведения, относящиеся к заглавию | учебно-практическое пособие |
| Первые сведения об ответственности | МВД России, Гл. упр. уголов. розыска, Федер. гос. казён. учреждение доп. проф. образования "Всерос. ин-т повышения квалификации сотрудников М-ва внутр. дел Рос. Федерации |
| Последующие сведения об ответственности | [сост.: Е. Н. Дурыгина, преп.] |
| 210 ## - ПУБЛИКАЦИЯ, РАСПРОСТРАНЕНИЕ И ДР. | |
| Место издания, распространения и т.д. | Домодедово |
| Имя издателя, распространителя и т. д. | ВИПК МВД России |
| Дата издания, распространения и т.д. | 2016 |
| 215 ## - ФИЗИЧЕСКАЯ ХАРАКТЕРИСТИКА | |
| Специфическое обозначение материала и объем | 111 с. |
| Другие сведения о физической характеристике | ил. |
| Размеры | 21 |
| 320 ## - ПРИМЕЧАНИЯ О НАЛИЧИИ В ДОКУМЕНТЕ БИБЛИОГРАФИИ / УКАЗАТЕЛЯ | |
| Текст примечания | Библиогр. : с. 66-68 (35 назв.) и в подстроч. примеч. |
| 606 1# - НАИМЕНОВАНИЕ ТЕМЫ КАК ПРЕДМЕТ | |
| Наименование темы | Наркотические средства |
| Формальный подзаголовок | Учебные издания |
| Тематический подзаголовок | Незаконный оборот |
| -- | Борьба с ним |
| Географический подзаголовок | Российская Федерация |
| Системный номер авторитетной/нормативной записи | 2167071 |
| Идентификатор авторитетной/нормативной записи | RU\NLR\AUTH\661303822 |
| 606 1# - НАИМЕНОВАНИЕ ТЕМЫ КАК ПРЕДМЕТ | |
| Наименование темы | Психотропные средства |
| Формальный подзаголовок | Учебные издания |
| Тематический подзаголовок | Незаконный оборот |
| -- | Борьба с ним |
| Географический подзаголовок | Российская Федерация |
| Системный номер авторитетной/нормативной записи | 2214855 |
| Идентификатор авторитетной/нормативной записи | RU\NLR\AUTH\661330316 |
| 686 1# - ИНДЕКСЫ ДРУГИХ КЛАССИФИКАЦИЙ | |
| Индекс | Х628.322.203.0я7 |
| 702 #1 - ИМЯ ЛИЦА - ВТОРИЧНАЯ ОТВЕТСТВЕННОСТЬ | |
| Начальный элемент ввода | Дурыгина |
| Часть имени, кроме начального элемента ввода | Е. Н. |
| Расширение инициалов личного имени | Елена Николаевна |
| Код отношения | Составитель |
| 712 02 - НАИМЕНОВАНИЕ ОРГАНИЗАЦИИ - ВТОРИЧНАЯ ОТВЕТСТВЕННОСТЬ | |
| Код отношения | Издающая организация |
| Начальный элемент ввода | Всероссийский институт повышения квалификации сотрудников МВД России |
| Идентифицирующий признак | Домодедово |
| Системный номер авторитетной/нормативной записи | 827570 |
| Идентификатор авторитетной/нормативной записи | RU\NLR\AUTH\880580958 |
| 942 ## - ДОПОЛНИТЕЛЬНЫЕ ЭЛЕМЕНТЫ ЗАПИСИ (АБИС) | |
| Тип экземпляра АБИС | Книга |
| 980 ## - КОЛЛЕКЦИЯ | |
| Название коллекции | НБР |
Нет доступных экземпляров.